High activity in the housing market (Record no. 72513)
[ view plain ]
| 000 -LEADER | |
|---|---|
| fixed length control field | 01440cam a2200193 4500 |
| 001 - CONTROL NUMBER | |
| control field | WB3915-12 |
| 008 - FIXED-LENGTH DATA ELEMENTS--GENERAL INFORMATION | |
| fixed length control field | 030417n2003 000 0 eng u |
| 035 ## - SYSTEM CONTROL NUMBER | |
| System control number | (Sirsi) u122036 |
| 245 ## - TITLE STATEMENT | |
| Title | High activity in the housing market |
| 260 ## - PUBLICATION, DISTRIBUTION, ETC. | |
| Date of publication, distribution, etc. | 2003 |
| 490 ## - SERIES STATEMENT | |
| Series statement | Rightmove Real-Time Property Report |
| Volume/sequential designation | 15 April 2003 (5) |
| 520 ## - SUMMARY, ETC. | |
| Summary, etc. | April's "Rightmove real-time property report" shows a continued slowdown of the residential property market with the annual rate of change in asking price decreasing from 22.5% in March 2003 to 17.8% in April 2003 despite a 0.5% increase in the month. Sharp decreases are forecast in the next two months. The number of properties coming onto the market remains high while the number coming off the market has increased sharply. With higher stock availability levels, the market has moved very much in the buyer's favour. Regional house price data reveals negative growth rates in East Anglia and East Midlands, London coming in-line with national house price changes for the first time in a year and modest rises in western areas and Wales. The survey is available at http://www.rightmove.co.uk/rm/s/rm/template/publicsite%2Cgeneric%2CPress.vm/svr/1038;jsessionid=qw8tofqfr1 |
| 590 ## - LOCAL NOTE (RLIN) | |
| Local note | WB |
| 650 ## - SUBJECT ADDED ENTRY--TOPICAL TERM | |
| Topical term or geographic name entry element | HOUSE PRICE INDICES |
| 650 ## - SUBJECT ADDED ENTRY--TOPICAL TERM | |
| Topical term or geographic name entry element | RIGHTMOVE REAL-TIME PROPERTY REPORT |
| 650 ## - SUBJECT ADDED ENTRY--TOPICAL TERM | |
| Topical term or geographic name entry element | RESIDENTIAL PROPERTY MARKET |
| 690 ## - LOCAL SUBJECT ADDED ENTRY--TOPICAL TERM (OCLC, RLIN) | |
| Topical term or geographic name as entry element | PROPERTY-RESIDENTIAL PROPERTY-RESIDENTIAL PROPERTY MARKET |
| 942 ## - ADDED ENTRY ELEMENTS (KOHA) | |
| Suppress in OPAC | 0 |
| Withdrawn status | Lost status | Source of classification or shelving scheme | Damaged status | Not for loan | Home library | Current library | Shelving location | Date acquired | Total Checkouts | Full call number | Barcode | Date last seen | Copy number | Price effective from | Koha item type |
|---|---|---|---|---|---|---|---|---|---|---|---|---|---|---|---|
| Dewey Decimal Classification | London | London | News article | 17/04/2003 | WB3915-12 | 122036-1001 | 06/08/2019 | 1 | 06/08/2019 | News article |